000 00563cam a2200181 4500
005 20230822120739.0
008 091127s2009 mx 000 0 spa u
020 _a9789684234956
050 0 4 _aKGF3742
_bV55 2009
100 1 _aVillanueva, Ernesto
245 1 0 _aPublicidad oficial
_b: transferencia y equidad
_cErnesto Villanueva.
250 _a1a ed.
260 _aMéxico :
_bJus,
_c2009
300 _a237 p. :
_bil. ;
_c21 cm.
504 _aBibliografía: p. 231-237
650 4 _2lemb
_aPublicidad gubernamental
_xlegislación
_zMéxico
942 _2lcc
_cLIB
999 _c129807
_d129807